| 000 | 00824nam a2200217 a 4500 | ||
|---|---|---|---|
| 003 | 0 | ||
| 005 | 20250616101218.0 | ||
| 008 | 021115s19uu xx 00 eng d | ||
| 050 |
_aPGS TJ 163.3 _b.Sa252 1999 |
||
| 100 | _aSasaki, Kent Michael. | ||
| 245 |
_aAwareness of people on the need to conserve electricity / _cKent Michael Sasaki. |
||
| 260 |
_aLas PiƱas City, Philippines : _bSouthville International School and Colleges, _c1999. |
||
| 300 |
_a50 pages : _bcolored illustrations ; _c28 cm. |
||
| 504 | _aIncludes bibliographical references. | ||
| 650 |
_aEnergy conservation _vPublic opinion. |
||
| 650 |
_aElectric power consumption _vSocial aspects. |
||
| 650 |
_aElectricity _vConservation. |
||
| 650 |
_aEnergy policy _vCitizen participation. |
||
| 650 |
_aPublic opinion _vEnergy use. |
||
| 942 |
_2lcc _cPASS |
||
| 999 |
_c96173 _d96173 |
||